Derecho a divertirnos también /
El Centro Nacional para el Desarrollo de la Mujer y la Familia, promueve en este folleto el reconocimiento del derecho de las mujeres a la recreación y al esparcimiento, analizando las ventajas que tiene dedicar un tiempo libre para la salud mental y física de las mujeres. Además presenta algunas al...
Guardat en:
| Autor corporatiu: | , |
|---|---|
| Format: | Desconegut |
| Idioma: | Spanish |
| Publicat: |
Costa Rica :
CMF
1995
|
| Col·lecció: | Colección Metodologías ; no.
|
| Matèries: | |
| Etiquetes: |
Afegir etiqueta
Sense etiquetes, Sigues el primer a etiquetar aquest registre!
|
MARC
| LEADER | 00000 a2200000 04500 | ||
|---|---|---|---|
| 001 | 41941 | ||
| 003 | cru CIDCACS/IIS | ||
| 005 | 20230619094954.0 | ||
| 008 | 050617s1995 cr spa d | ||
| 020 | |a 9968-742-24-4 | ||
| 022 | |a 9968-742-24-4 | ||
| 040 | |c cru CRAI/IIS | ||
| 090 | |a 04.02.01 C397d | ||
| 110 | |a Centro Nacional para el Desarrollo de la Mujer y la Familia | ||
| 245 | |a Derecho a divertirnos también / |c Centro Nacional para el Desarrollo de la Mujer y la Familia | ||
| 260 | |a Costa Rica : |b CMF |c 1995 | ||
| 300 | |a 25 páginas | ||
| 440 | |a Colección Metodologías ; no. | ||
| 520 | |a El Centro Nacional para el Desarrollo de la Mujer y la Familia, promueve en este folleto el reconocimiento del derecho de las mujeres a la recreación y al esparcimiento, analizando las ventajas que tiene dedicar un tiempo libre para la salud mental y física de las mujeres. Además presenta algunas alternativas para la recreación. | ||
| 590 | |a MBA/OCTUBRE2014 | ||
| 650 | |a MUJERES | ||
| 650 | |a OCIO | ||
| 650 | |a DERECHOS DE LA MUJER | ||
| 650 | |a DESCANSO | ||
| 650 | |a RECREACION | ||
| 650 | |a CAPACITACION | ||
| 650 | |a COSTA RICA | ||
| 710 | |a Fondo de Población de las Naciones Unidas (UNFPA) ; colaborador | ||
| 942 | |2 z |c LI |h 04.02.01 C397d |i 08717 |6 040201_C397D_08717 | ||
| 999 | |c 8112 |d 8112 | ||



